000 01148nam a2200301Ia 4500
001 ebr10408615
003 CaPaEBR
006 m u
007 cr cn|||||||||
008 091223s2010 vau sb 001 0 eng d
010 _z 2009053849
020 _z9781416609797 (pbk. : alk. paper)
040 _aCaPaEBR
_cCaPaEBR
035 _a(OCoLC)655848228
050 1 4 _aLB1065
_b.E79 2010eb
082 0 4 _a370.15/4
_222
100 1 _aErwin, Jonathan C.,
_d1954-
245 1 0 _aInspiring the best in students
_h[electronic resource] /
_cJonathan C. Erwin.
260 _aAlexandria, VA :
_bASCD,
_cc2010.
300 _ax, 211 p.
504 _aIncludes bibliographical references and index.
533 _aElectronic reproduction.
_bPalo Alto, Calif. :
_cebrary,
_d2010.
_nAvailable via World Wide Web.
_nAccess may be limited to ebrary affiliated libraries.
650 0 _aMotivation in education.
650 0 _aLearning, Psychology of.
655 7 _aElectronic books.
_2local
710 2 _aebrary, Inc.
856 4 0 _uhttp://site.ebrary.com/lib/rucke/Doc?id=10408615
_zAn electronic book accessible through the World Wide Web; click to view
999 _c183095
_d183095